Odessa : poems / Patricia Kirkpatrick.
Available copies
- 1 of 1 copy available at LARL/NWRL Consortium. (Show)
- 1 of 1 copy available at Northwest Regional Library.
Current holds
0 current holds with 1 total copy.
Show Only Available Copies
| Location | Call Number / Copy Notes | Barcode | Shelving Location | Status | Due Date |
|---|---|---|---|---|---|
| Roseau Public Library | 811.54 KIR (Text) | 35500006056830 | Main | Available | - |
Record details
- ISBN: 9781571314567
- ISBN: 1571314563
- Physical Description: 82 pages ; 22 cm
- Edition: First edition.
- Publisher: Minneapolis, Minn. : Milkweed Editions, [2012]
- Copyright: ©2012
Content descriptions
| Bibliography, etc. Note: | Includes bibliographical references. |
| Summary, etc.: | A grim prognosis, brain cancer, leaves the speaker ... Read More |
Search for related items by subject
| Subject: | Minnesota Book Awards (2013 : Saint Paul, Minn.) |
| LDR | 01956cam a22003974a 4500 | ||
|---|---|---|---|
| 001 | 290468 | ||
| 003 | LARL_NWRL_CONSORTIUM | ||
| 005 | 20180625170656.0 | ||
| 008 | 120731t20122012mnu b 000 p eng | ||
| 010 | . | ‡a2012028096 | |
| 020 | . | ‡a9781571314567 ‡q(pbk. ; ‡qacid-free paper) | |
| 020 | . | ‡a1571314563 ‡q(pbk. ; ‡qacid-free paper) | |
| 035 | . | ‡a(OCoLC)793580578 | |
| 040 | . | ‡aDLC ‡beng ‡cDLC ‡dBTCTA ‡dBDX ‡dYDXCP ‡dCDX ‡dBWX ‡dJTH ‡dBUF ‡dOCLCF ‡dMCANN ‡dOCLCQ ‡dGZM | |
| 082 | 0 | 0. | ‡a811/.54 ‡223 |
| 100 | 1 | . | ‡aKirkpatrick, Patricia, ‡eauthor. |
| 245 | 1 | 0. | ‡aOdessa : ‡bpoems / ‡cPatricia Kirkpatrick. |
| 250 | . | ‡aFirst edition. | |
| 264 | 1. | ‡aMinneapolis, Minn. : ‡bMilkweed Editions, ‡c[2012] | |
| 264 | 4. | ‡c©2012 | |
| 300 | . | ‡a82 pages ; ‡c22 cm | |
| 336 | . | ‡atext ‡btxt ‡2rdacontent | |
| 337 | . | ‡aunmediated ‡bn ‡2rdamedia | |
| 338 | . | ‡avolume ‡bnc ‡2rdacarrier | |
| 504 | . | ‡aIncludes bibliographical references. | |
| 520 | . | ‡aA grim prognosis, brain cancer, leaves the speaker in Kirkpatrick's Odessa fighting for her life. The tumor presses against her amygdalae, the "emotional core of the self," and central to the process of memory. In poems endowed with this emotional charge but void of sentimentality, Kirkpatrick sets out to recreate what was lost by fashioning a dreamlike reality. Odessa, "roof of the underworld," a refuge at once real and imagined, resembles simultaneously the Midwestern prairie and a mythical god-inhabited city. In image-packed lines bearing shades of Classical heroism, Kirkpatrick delivers a personal narrative of stunning dimension. | |
| 611 | 2 | 0. | ‡aMinnesota Book Awards ‡d(2013 : ‡cSaint Paul, Minn.) |
| 901 | . | ‡a290468 ‡b ‡c290468 ‡tbiblio | |

Add to basket
Permalink
Disable Highlighting